书目信息 |
| 题名: |
健美操与体育舞蹈的形体训练研究
|
|
| 作者: | 石犇 著 | |
| 分册: | ||
| 出版信息: | 长春 吉林出版集团股份有限公司 2021.1 |
|
| 页数: | 115页 | |
| 开本: | 24cm | |
| 丛书名: | ||
| 单 册: | ||
| 中图分类: | G831.32 , J732.8 | |
| 科图分类: | ||
| 主题词: | ?x啦?x形体--训练0 , 体育舞蹈--形体--训练 | |
| 电子资源: | ||
| ISBN: | 978-7-5581-2519-5 | |
| 000 | 00913nam0 2200253 45 | |
| 001 | 012001001406 | |
| 005 | 20130912104741.0 | |
| 010 | @a978-7-5581-2519-5@dCNY45.00 | |
| 100 | @a20210413d2020 em y0chiy0110 ea | |
| 101 | 0 | @achi |
| 102 | @aCN@b220000 | |
| 105 | @ay z 000yy | |
| 106 | @ar | |
| 200 | 1 | @a健美操与体育舞蹈的形体训练研究@Ajian mei cao yu ti yu wu dao de xing ti xun lian yan jiu@f石犇著 |
| 210 | @a长春@c吉林出版集团股份有限公司@d2021.1 | |
| 215 | @a115页@d24cm | |
| 330 | @a本书探讨健美操与体育舞蹈的发展以及形体训练的基本知识。共六章,内容包括:形体训练概述、基本姿态的训练方法、健美操运动的基本知识、健美操与形体训练、体育舞蹈的基本知识、体育舞蹈与形体训练。 | |
| 606 | 0 | @a?x啦?x形体@x训练0 |
| 606 | @a体育舞蹈@x形体@x训练 | |
| 690 | @aG831.32@v5 | |
| 690 | @aJ732.8@v5 0 | |
| 701 | @a石犇@Ashi ben@4著 | |
| 801 | @aCN@b江苏凤凰@c20211018 | |
| 905 | @b1343376-9@dG831.32@e230@f4 | |
| 健美操与体育舞蹈的形体训练研究/石犇著.-长春:吉林出版集团股份有限公司,2021.1 |
| 115页;24cm |
| ISBN 978-7-5581-2519-5:CNY45.00 |
| 本书探讨健美操与体育舞蹈的发展以及形体训练的基本知识。共六章,内容包括:形体训练概述、基本姿态的训练方法、健美操运动的基本知识、健美操与形体训练、体育舞蹈的基本知识、体育舞蹈与形体训练。 |
| ● |
| 相关链接 |
|
|
|
|
正题名:健美操与体育舞蹈的形体训练研究
索取号:G831.32/230
 
预约/预借
| 序号 | 登录号 | 条形码 | 馆藏地/架位号 | 状态 | 备注 |
| 1 | 1343376 | 213433765 | 第一样本阅览室/ [索取号:G831.32/230] | 在馆 | |
| 2 | 1343377 | 213433774 | 第四借阅区/ [索取号:G831.32/230] | 在馆 | |
| 3 | 1343378 | 213433783 | 第四借阅区/ [索取号:G831.32/230] | 在馆 | |
| 4 | 1343379 | 213433792 | 第四借阅区/ [索取号:G831.32/230] | 在馆 |